Statistics for Mother Mother - Dirty Town Lyrics Quiz

Click here to take the quiz!

General Stats

  • This quiz has been taken 4 times
    (2 since last reset)
  • The average score is 183 of 361

Answer Stats

HintAnswer% Correct
dirty
100%
Lyrics:Don't
100%
don't
100%
down
100%
Get
100%
get
100%
gets
100%
(I
100%
I
100%
like
100%
me
100%
a
50%
ain't
50%
all
50%
And
50%
and
50%
(And
50%
bought
50%
can't
50%
'Cause
50%
country)
50%
country
50%
crack
50%
Everybody
50%
From
50%
from
50%
gone
50%
ground
50%
hands
50%
he
50%
(He
50%
in
50%
just
50%
Just
50%
lady
50%
land
50%
living
50%
My
50%
my
50%
need
50%
No,
50%
no,
50%
now!
50%
oh,
50%
plant
50%
Plant
50%
put
50%
saved
50%
see
50%
seeds
50%
She
50%
she
50%
(She
50%
some
50%
stand
50%
sticks)
50%
sticks
50%
the
50%
to
50%
town,
50%
town
50%
up
50%
yeah!
50%
Yeah,
50%
account
0%
Ah
0%
ah
0%
along
0%
are
0%
bank
0%
be
0%
boy
0%
cement
0%
(Ch-chillun)
0%
chicken
0%
chillun
0%
(Chop
0%
chop)
0%
chop
0%
choppin'
0%
chopping
0%
crackin'
0%
(Crackity)
0%
cracks
0%
dawn
0%
'em
0%
empty)
0%
feed
0%
fertility,
0%
firewood,
0%
firewood
0%
friend,
0%
fun
0%
good
0%
government,
0%
Guthrie)
0%
having
0%
her
0%
is
0%
(Kindling
0%
kindling
0%
little
0%
made
0%
makin'
0%
newfound
0%
of
0%
(Ol'
0%
ol'
0%
pennies
0%
perfect
0%
pinched
0%
pretend
0%
shoebox
0%
should
0%
singing
0%
songs
0%
washed
0%
We
0%
whip
0%
width
0%
wire
0%
with
0%
wood
0%
you
0%

Score Distribution

Percentile by Number Answered

Percent of People with Each Score

Your Score History

You have not taken this quiz since the last reset